Statistics for Countries that are not Free from U.S.A.

Click here to take the quiz!

General Stats

  • This quiz has been taken 25 times
  • The average score is 13 of 20

Answer Stats

ContinentAnswer% Correct
OceaniaAustralia
83%
North AmericaUnited States
83%
AfricaSouth Sudan
78%
South AmericaSuriname
78%
EuropeRussia
72%
AfricaSouth Africa
72%
AfricaSudan
72%
AsiaUnited Arab Emirates
72%
EuropeAustria
67%
AfricaTunisia
67%
AsiaTurkmenistan
67%
AsiaUzbekistan
67%
EuropeBelarus
61%
AfricaMauritius
61%
AsiaSaudi Arabia
61%
AfricaBurkina Faso
56%
North AmericaHonduras
56%
North AmericaSaint Lucia
56%
AsiaSouth Korea
56%
AfricaGuinea-Bissau
39%

Score Distribution

Percentile by Number Answered

Percent of People with Each Score

Your Score History

You have not taken this quiz